000 00606nam a2200181Ia 4500
008 090124s9999 xx 000 0 und d
082 _b101447
100 _aकेळकर नरसिंह चिंतामण
245 _a तिरंगी नवमतवाद
250 _a1
260 _c1937
300 _a155
600 _aकेळकर नरसिंह चिंतामण
630 _a तिरंगी नवमतवाद
700 _aकेळकर नरसिंह चिंतामण
730 _a तिरंगी नवमतवाद
942 _cBOOK
999 _c147539
_d147539